Estatísticas para Os 15 principais países com mortes por Covid19 - 7 abr 2021

Clique aqui para jogar o quiz

Estatísticas Gerais

  • Esse quiz foi jogado 10 vezes
  • A pontuação média é 18 de 24

Estatísticas das Respostas

país% Correto
Bélgica
100%
Brasil
100%
Espanha
100%
Estados Unidos
100%
França
100%
Índia
100%
México
100%
Reino Unido
100%
Rússia
100%
Alemanha
80%
Argentina
80%
Colômbia
80%
Itália
80%
Peru
80%
Polônia
80%
Bósnia e Herzegovina
60%
Chéquia
60%
Hungria
60%
Irão
60%
Portugal
60%
Bulgária
40%
Eslováquia
40%
Eslovénia
40%
Macedónia do Norte
40%

Distribuição das Pontuações

Percentil de Números Respondidos

Porcentagem de Pessoas com Cada Pontuação

Sua Pontuação Histórica

Você não jogou esse quiz